LIBRARY & INFORMATION CENTRE, KCAET, TAVANUR

ONLINE PUBLIC ACCESS CATALOGUE (OPAC)

Millimans Electronics devices and circuts / (Record no. 13109)

MARC details
000 -LEADER
fixed length control field 00453cam a2200169ua 4500
003 - CONTROL NUMBER IDENTIFIER
control field OSt
008 - FIXED-LENGTH DATA ELEMENTS--GENERAL INFORMATION
fixed length control field 250104b |||||||| |||| 00| 0 eng d
041 ## - LANGUAGE CODE
Language code of text/sound track or separate title eng
082 ## - DEWEY DECIMAL CLASSIFICATION NUMBER
Classification number 621.381
Item number MIL/EL
100 ## - MAIN ENTRY--AUTHOR NAME
Personal name Millian Jacob, Halkias .
245 ## - TITLE STATEMENT
Title Millimans Electronics devices and circuts /
250 ## - EDITION STATEMENT
Edition statement 2 /
260 ## - PUBLICATION, DISTRIBUTION, ETC. (IMPRINT)
Place of publication New Delhi :
Name of publisher Tata Mcgraw hill pub ,
Year of publication 2007.
300 ## - PHYSICAL DESCRIPTION
Number of Pages 656 ; .
700 1# - ADDED ENTRY--PERSONAL NAME
Personal name Jit satyabrata, .
942 ## - ADDED ENTRY ELEMENTS (KOHA)
Koha item type Books
Holdings
Withdrawn status Lost status Damaged status Home library Current library Date acquired Full call number Accession Number Koha item type
      KAUAET KAUAET 07/04/2012 621.381 MIL/EL 21460 Books
free website counter